Select The Correct Countries For Each Fact - Statistics

General Stats
  • This quiz has been taken 20 times
  • The average score is 11 of 12
Answer Stats
Question Answer % Correct
Which country is home to the kangaroo and the Great Barrier Reef? Australia
100%
This country is famous for its samba, football (soccer), and the Amazon Rainforest. Brazil
100%
Which country is known for its maple syrup and is the second-largest in land area? Canada
100%
This country is known for its iconic Great Wall, vast population, and rich cultural history. China
100%
This country is known for its famous pyramids and the Nile River. Egypt
100%
This country is famous for sushi, Mount Fuji, and the samurai. Japan
100%
Where would you find the ancient ruins of Machu Picchu? Peru
100%
Known for its chocolate, watches, and being neutral during wars, which country is this? Switzerland
100%
This country is home to the Eiffel Tower, baguettes, and a rich art and fashion culture. France
94%
This country is famous for its tulips, windmills, and cycling culture. Netherlands
94%
This country is famous for its castles, beer, and is home to the Black Forest. Germany
88%
This country is home to the ancient city of Petra, the Dead Sea, and the Wadi Rum desert. Jordan
71%
No matching quizzes found
Score Distribution
Percent of People with Each Score
Percentile by Number Answered
Your Score History
You have not taken this quiz